| 000 | 00889nam a2200121Ia 4500 | ||
|---|---|---|---|
| 008 | 220620s9999||||xx |||||||||||||| ||und|| | ||
| 100 | _aCorcoll López , Cristina||Mitchell-Smith, Jane | ||
| 245 | 0 | _aChapter 4 Preschool education | |
| 546 | _aEnglish[eng] | ||
| 650 | _aSara Laviosa||Maria González-Davies||Translation Studies||Translation||Applied Linguistics||Communication Studies||Multilingualism||Educational Theory||Educational Linguistics||Education||Bilingualism||Intercultural||Interpreting Studies||Language Learning||Language Education||Deaf Education||Sign Language||Teacher Training | ||
| 856 | _uhttps://library.oapen.org/bitstream/20.500.12657/23618/1/9780815368434_oachapter4.pdf||https://library.oapen.org/bitstream/20.500.12657/23618/1/9780815368434_oachapter4.pdf||https://library.oapen.org/bitstream/20.500.12657/23618/1/9780815368434_oachapter4.pdf | ||
| 942 | _cEB | ||
| 999 |
_c34342 _d34342 |
||